00737nam a2200181 a 4500001001000000003000900010005001700019008004100036040002500077082001500102110004000117245015800157260006400315300003200379942001400411952011300425999001700538000034686DO-SdBNP20240418200629.0111018s1993 dr 000 0 spa d aDO-SdBNPbspacBNPHU axxxxbM533 aSanto DomingobAyuntamiento.98061900aMemorias del sindico del Distrito Nacional Rafael Corporan de los Santos 1990-1993 :brendida a la Sala Capitular del Ayuntamiento del Distrito Nacional. aSanto Domingo :bAyuntamiento del Distrito Nacional,c1993. a[115 P.] :bretr. ;c22 cm. 2ddccLBS1 0010718PDaPDbPDcCTd2011-10-18iLF1l0oxxxx M533p34686-10r2020-06-25w2020-06-25yLFPDZNo se presta c34177d34177